000 00598nam a2200241Ia 4500
003 OSt
005 20221005120928.0
006 a|||||r|||| 00| 0
007 ta
008 221004b |||||||| |||| 00| 0 mar d
024 _a46643
037 _cTextual
040 _aCRL
_cCRL
_bmar
041 _2mar
_amar
082 _aV53:51.L8, 155K2
100 _aKelkar N.C. Au.
_9629835
245 0 _aFrench rajyakranti
260 _c1978
300 _a421p.
_ccm.
650 _aHISTORY
942 _hV53:51.L8, 155K2
_cTEXL
_2cc
999 _c1039575
_d1039575